00848nam a2200277 4500003000400000005001700004008004100021020003400062020002900096040001800125050001600143100003700159245004700196264004900243300003300292336002200325337002400347338002400371500006100395650002300456650002300479650001600502650002400518942001100542999001700553OSt20260601170959.0260422b2011\\\\nyua||||\||||\00|\0\eng\d a9780374275631qpapel alcalino a9780374533557qrústica aICIbspacICI aBF441bK345 1aKahneman, Daniel,d1934-,931153 1aThinking, fast and slow /cDaniel Kahneman bFarrar, Straus and Giroux,c2011aNew York : a499 páginasbilustraciones atexto2rdacontent asin medio2rdamedia avolumen2rdacarrier a"First paperback edition, 2013" -- reverso de la portada aPensamiento924652 aToma de decisiones aIntuición aRazonamiento931156 2lcccB c19996d19996